Las caras de Clío: una introducción a la historia.
Guardat en:
| Autor principal: | |
|---|---|
| Format: | Llibre |
| Publicat: |
Madrid, España:
Siglo XXI,
2001.
|
| Matèries: | |
| Etiquetes: |
Afegir etiqueta
Sense etiquetes, Sigues el primer a etiquetar aquest registre!
|
MARC
| LEADER | 00000cam a2200000 a 4500 | ||
|---|---|---|---|
| 003 | CL-VaPUC | ||
| 005 | 20220728084056.0 | ||
| 008 | 220728t2001 ||||| |||| 00| 0 eng d | ||
| 999 | |c 300124 |d 300122 | ||
| 020 | |a 8432310735. | ||
| 040 | |c Pontificia Universidad Católica de Valparaíso | ||
| 100 | 1 | |a Moradiellos García, Enrique |e autor |9 874217 | |
| 245 | |a Las caras de Clío: una introducción a la historia. | ||
| 260 | |a Madrid, España: |b Siglo XXI, |c 2001. | ||
| 300 | |a 318 páginas. | ||
| 583 | |c 20220728 | ||
| 650 | |a Filosofía de la Historia |9 265651 | ||
| 942 | |2 ddc |c BK | ||
| 952 | |0 0 |1 0 |4 0 |6 901_000000000000000_MOR_2001 |7 0 |8 A |9 357455 |a BIBHIS |b BIBHIS |d 2019-11-21 |i 3806979 |l 3 |o 901 MOR 2001 |p 3806979 |r 2025-01-20 |s 2021-06-10 |w 2019-11-21 |y BK |k HIS | ||
| 952 | |0 0 |1 0 |2 ddc |3 erb |4 0 |6 901_000000000000000_MOR_2001 |7 0 |8 A |9 357456 |a BIBHIS |b BIBHIS |e 77 |i 5561663 |l 3 |m 1 |o 901 MOR 2001 |p 5561663 |r 2025-01-20 |s 2023-03-21 |w 2019-11-21 |y BK |z Catalogado en:20191018 |k HIS | ||